Bắc kỳ xưa : Sân khấu - Thể thao - Đời sống đô thị từ 1884 đến 1889
Sách giới thiệu nhiều tư liệu về lịch sử Hà Nội, từ chính trị đến văn hóa nghệ thuật, nhất là sân khấu và đời sống đô thị thuở đó.
Shranjeno v:
| Glavni avtor: | |
|---|---|
| Format: | Knjiga |
| Jezik: | Undetermined |
| Izdano: |
Hà Nội
Giao thông vận tải
2007
|
| Teme: | |
| Oznake: |
Označite
Brez oznak, prvi označite!
|
| Thư viện lưu trữ: | Trung tâm Học liệu Trường Đại học Cần Thơ |
|---|
| LEADER | 00922nam a2200229Ia 4500 | ||
|---|---|---|---|
| 001 | CTU_132938 | ||
| 008 | 210402s9999 xx 000 0 und d | ||
| 020 | |c 20000 | ||
| 082 | |a 915.97 | ||
| 082 | |b B776 | ||
| 100 | |a Bourrin, Claude | ||
| 245 | 0 | |a Bắc kỳ xưa : | |
| 245 | 0 | |b Sân khấu - Thể thao - Đời sống đô thị từ 1884 đến 1889 | |
| 245 | 0 | |c Claude Bourrin | |
| 260 | |a Hà Nội | ||
| 260 | |b Giao thông vận tải | ||
| 260 | |c 2007 | ||
| 520 | |a Sách giới thiệu nhiều tư liệu về lịch sử Hà Nội, từ chính trị đến văn hóa nghệ thuật, nhất là sân khấu và đời sống đô thị thuở đó. | ||
| 650 | |a Vietnam,Việt Nam | ||
| 650 | |x Description and travel,Mô tả và du hành | ||
| 904 | |i Trọng Hải | ||
| 980 | |a Trung tâm Học liệu Trường Đại học Cần Thơ | ||